00614nam a2200145 a 4500008004100000050001400041100002700055245007500082260004700157300001600204350000900220995009200229999001700321952013000338120416s1970 ||||||||||||||||| || u aHB 75 Rea aRima, Ingrid H., 1925-10aReadings on the history of economic theoryccompiled by Ingrid H. Rima aNew YorkbHolt, Rinehart and Winstonc1970 aviii, 303p. a0.00 D0.00FCBU-MAIN LIBRARY (Kitwe)H1I0.00UAVAILABLEZMain Library Open Access Collection c55684d55684 00102lcc4070a001b001cMain Library Open Access Collectiond2022-11-30l0oHB 75 Reap001797r2022-11-30w2022-11-30y002